Бухгалтерский финансовый учет

Bibliographic Details
Main Author: Каморджанова Н. А. Наталия Александровна
Other Authors: Карташова И. В. Ирина Валериевна
Summary:В учебном пособии последовательно изложены вопросы, связанные с организацией бухгалтерского учета, его основными понятиями и принципами, нормативными документами и формами отчетности. Все материалы пересмотрены и переработаны в соответствии с новым планом счетов. Помимо теоретических вопросов, связанных с организацией бухгалтерского учета, книга содержит богатейший практический материал, множество интереснейших и забавных тестов и задач. Третье издание полностью переработано и содержит самые последние изменения в налоговом законодательстве и системе бухучета по состоянию на 15 июля 2007 г. Книга будет полезна не только для студентов высших учебных заведений и колледжей, но и для тех, кто хочет самостоятельно изучать основы бухгалтерского учета. Рекомендовано УМО по образованию в области финансов, учета и мировой экономики в качестве учебного пособия для студентов, обучающихся по специальностям: «Финансы и кредит», «Бухгалтерский учет, анализ и аудит», «Мировая экономика», «Налоги и налогообложение».
Language:Russian
Published: СПб., Питер, 2008
Edition:3-е изд.
Subjects:
Format: Book
KOHA link:https://koha.lib.tpu.ru/cgi-bin/koha/opac-detail.pl?biblionumber=145939

MARC

LEADER 00000nam0a2200000 4500
001 145939
005 20231101221205.0
010 |a 9785911808242 
035 |a (RuTPU)RU\TPU\book\158191 
035 |a RU\TPU\book\120241 
090 |a 145939 
100 |a 20070314d2008 m y0rusy50 ca 
101 0 |a rus 
102 |a RU 
105 |a y j 001zy 
200 1 |a Бухгалтерский финансовый учет  |f Н. А. Каморджанова, И. В. Карташова 
205 |a 3-е изд. 
210 |a СПб.  |c Питер  |d 2008 
215 |a 480 с. 
320 |a Библиогр.: с. 474-477. 
330 |a В учебном пособии последовательно изложены вопросы, связанные с организацией бухгалтерского учета, его основными понятиями и принципами, нормативными документами и формами отчетности. Все материалы пересмотрены и переработаны в соответствии с новым планом счетов. Помимо теоретических вопросов, связанных с организацией бухгалтерского учета, книга содержит богатейший практический материал, множество интереснейших и забавных тестов и задач. Третье издание полностью переработано и содержит самые последние изменения в налоговом законодательстве и системе бухучета по состоянию на 15 июля 2007 г. Книга будет полезна не только для студентов высших учебных заведений и колледжей, но и для тех, кто хочет самостоятельно изучать основы бухгалтерского учета. Рекомендовано УМО по образованию в области финансов, учета и мировой экономики в качестве учебного пособия для студентов, обучающихся по специальностям: «Финансы и кредит», «Бухгалтерский учет, анализ и аудит», «Мировая экономика», «Налоги и налогообложение». 
451 1 |0 (RuTPU)RU\TPU\book\120241  |y 978-5-91180-398-8  |t Бухгалтерский финансовый учет  |f Н. А. Каморджанова, И. В. Карташова  |e 4-е изд.  |c СПб.  |n Питер  |d 2007  |p 288 с.  |s Завтра экзамен  |a Каморджанова, Наталия Александровна 
606 1 |a Бухгалтерский учет  |2 stltpush  |3 (RuTPU)RU\TPU\subj\30744  |9 53805 
606 1 |a Финансовый учет  |2 stltpush  |3 (RuTPU)RU\TPU\subj\63968  |9 80898 
610 1 |a экономика 
610 1 |a денежные средства 
610 1 |a долгосрочные инвестиции 
610 1 |a основные средства 
610 1 |a нематериальные активы 
610 1 |a финансовые вложения 
610 1 |a материальные ценности 
610 1 |a оплата труда 
610 1 |a затраты 
610 1 |a прибыль 
610 1 |a капитал 
610 1 |a финансовые резервы 
610 1 |a кредиты 
610 1 |a займы 
610 1 |a забалансовые счета 
610 1 |a бухгалтерская отчетность 
610 1 |a учебные пособия 
675 |a 657.22(075.8)  |v 3 
700 1 |a Каморджанова  |b Н. А.  |g Наталия Александровна 
701 1 |a Карташова  |b И. В.  |g Ирина Валериевна 
801 1 |a RU  |b 63413507  |c 20081023  |g PSBO 
801 2 |a RU  |b 63413507  |c 20210225  |g PSBO 
900 |a Бухгалтерский финансовый учет 
942 |c BK 
951 |a 521600  |b 080105  |b 080109  |b 080102  |b 080107 
959 |a 94/20081023  |d 2  |e 198,00  |f АНЛ:1  |f ЧЗГЛ:1